Protecting children, strengthening families : reauthorizing CAPTA : hearing before the Subcommittee on Children and Families of the Committee on Health, Education, Labor, and Pensions, United States Senate, One Hundred Tenth Congress, second session, on examining reauthorization of the Child Abuse Prevention and Treatment Act (CAPTA) (Public Law 93-247), focusing on protecting children and strengthening families, June 26, 2008.

Bibliographic Details
Corporate Author: United States. Congress. Senate. Committee on Health, Education, Labor, and Pensions. Subcommittee on Children and Families
Format: Government Document eBook
Language:English
Published: Washington : U.S. G.P.O., 2009.
Series:S. hrg. ; 110-949
Subjects:
Online Access:Electronic resource (PDF)

MARC

Tag First Indicator Second Indicator Subfields
LEADER 00000cam a22000001a 4500
001 in00004100368
005 20200117091250.0
006 m d f
007 cr bn mmmapmmp
008 100525s2009 dcu ob f000 0 eng d
035 |a chdc201001287 
040 |a UMI  |c UMI  |d UtOrBLW 
042 |a pcc 
043 |a n-us--- 
074 |a 1043-A 
086 0 |a Y 4.L 11/4:S.HRG.110-949 
086 0 |a Y 4.L 11/4: S.HRG.110-949 
110 1 |a United States.  |b Congress.  |b Senate.  |b Committee on Health, Education, Labor, and Pensions.  |b Subcommittee on Children and Families.  |0 http://id.loc.gov/authorities/names/no99017244 
245 1 0 |a Protecting children, strengthening families :  |b reauthorizing CAPTA : hearing before the Subcommittee on Children and Families of the Committee on Health, Education, Labor, and Pensions, United States Senate, One Hundred Tenth Congress, second session, on examining reauthorization of the Child Abuse Prevention and Treatment Act (CAPTA) (Public Law 93-247), focusing on protecting children and strengthening families, June 26, 2008. 
246 3 0 |a Reauthorizing CAPTA 
264 1 |a Washington :  |b U.S. G.P.O.,  |c 2009. 
264 2 |a Washington :  |b For sale by the Supt. of Docs., U.S. G.P.O. 
300 |a iii, 83 pages, digital, PDF file. 
336 |a text  |b txt  |2 rdacontent 
337 |a computer  |b c  |2 rdamedia 
338 |a online resource  |b cr  |2 rdacarrier 
490 1 |a S. hrg. ;  |v 110-949 
500 |a Shipping list number: 2010-0092-P. 
504 |a Includes bibliographical references. 
500 |a Record is based on bibliographic data in ProQuest Congressional Hearings Digital Collection. Reuse except for individual research requires license from ProQuest, LLC. 
500 |a Electronic resource. 
533 |a Electronic reproduction.  |b [Bethesda, Md.] :  |c ProQuest,  |d 2010.  |e digital, PDF file.  |n ProQuest U.S. Congressional Hearings Digital Collection.  |n Mode of access: World Wide Web via ProQuest website. 
538 |a System requirements: PDF reader software. 
610 1 0 |a United States.  |t Child Abuse Prevention and Treatment Act.  |0 http://id.loc.gov/authorities/names/n94087379 
650 0 |a Child abuse  |x Law and legislation  |z United States.  |0 http://id.loc.gov/authorities/subjects/sh2008100364 
650 0 |a Abused children  |x Services for  |z United States.  |0 http://id.loc.gov/authorities/subjects/sh2007100486 
650 0 |a Child abuse  |z United States  |x Prevention  |x Finance. 
776 0 8 |i Print version:   |a United States. Congress. Senate. Committee on Health, Education, Labor, and Pensions. Subcommittee on Children and Families.  |t Protecting children, strengthening families  |w 9780160849091  |w 0160849098  |w (OCoLC)ocn500907427  |z 2009526624 
776 0 8 |i Microfiche version:   |a United States. Congress. Senate. Committee on Health, Education, Labor, and Pensions. Subcommittee on Children and Families.  |t Protecting children, strengthening families  |d [Bethesda, Md.] : ProQuest,[2010]  |o CIS 2010 S431-13  |w (ProQuest)cis01003246  
810 1 |a United States.  |b Congress.  |b Senate.  |t S. hrg. ;  |v 110-949.  |0 http://id.loc.gov/authorities/names/n83707917 
856 4 0 |u http://proxy.library.tamu.edu/login?url=http://search.proquest.com/congcomp/getdoc?HEARING-ID=HRG-2008-HEL-0019  |y Electronic resource (PDF)  |t 0 
998 |a cis01003246  
999 f f |s 22b786b6-4c76-353a-a6b1-62bbc2656b1a  |i db452fbd-a049-3803-896c-eff9fc2024ae  |t 0 
952 f f |a Texas A&M University  |b College Station  |c Electronic Resources  |d Available Online  |t 0  |e Y 4.L 11/4: S.HRG.110-949  |h Superintendent of Documents classification 
998 f f |a Y 4.L 11/4: S.HRG.110-949  |t 0  |l Available Online